Grammy Award for Best New Artist - Statistics

General Stats
  • This quiz has been taken 1,809 times
    87 since last reset
  • The average score is 9 of 66
Answer Stats
Year Recipient % Correct
2020 Billie Eilish
67%
2026 Olivia Dean
64%
2025 Chappell Roan
58%
2022 Olivia Rodrigo
55%
2009 Adele
50%
2019 Dua Lipa
37%
1965 The Beatles
33%
2008 Amy Winehouse
28%
2021 Megan Thee Stallion
27%
2015 Sam Smith
26%
2000 Christina Aguilera
23%
2003 Norah Jones
23%
2024 Victoria Monet
22%
1991 Mariah Carey
21%
2016 Meghan Trainor
21%
2023 Samara Joy
21%
2002 Alicia Keys
19%
2018 Alessia Cara
18%
1999 Lauryn Hill
17%
1980 Rickie Lee Jones
17%
1966 Tom Jones
17%
2014 Macklemore & Ryan Lewis
15%
2005 Maroon 5
14%
1972 Carly Simon
12%
2017 Chance the Rapper
12%
1985 Cyndi Lauper
12%
2012 Bon Iver
10%
2007 Carrie Underwood
10%
2013 fun.
10%
2006 John Legend
10%
2011 Esperanza Spalding
9%
2004 Evanescence
9%
1990 Milli Vanilli
9%
1976 Natalie Cole
9%
1995 Sheryl Crow
9%
1994 Toni Braxton
9%
1981 Christopher Cross
8%
1989 Tracy Chapman
8%
1998 Paula Cole
6%
1971 The Carpenters
6%
1993 Arrested Development
5%
1974 Bette Midler
5%
1961 Bob Newhart
5%
1970 Crosby, Stills & Nash
5%
1978 Debby Boone
5%
1997 LeAnn Rimes
5%
1986 Sade
5%
2010 Zac Brown Band
5%
1973 America
4%
1984 Culture Club
4%
1996 Hootie & the Blowfish
4%
1969 Jose Feliciano
4%
1983 Men at Work
4%
1982 Sheena Easton
4%
2001 Shelby Lynne
4%
1979 A Taste of Honey
3%
1968 Bobbie Gentry
3%
1959 Bobby Darin
3%
1987 Bruce Hornsby and the Range
3%
1988 Jody Watley
3%
1992 Marc Cohn
3%
1975 Marvin Hamlisch
3%
1962 Peter Nero
3%
1963 Robert Goulet
3%
1977 Starland Vocal Band
3%
1964 The Swingle Singers
3%
No matching quizzes found
Score Distribution
Percent of People with Each Score
Percentile by Number Answered
Your Score History
You have not taken this quiz since the last reset